<?xml version="1.0" encoding="UTF-8"?>
<collection xmlns:xsi="http://www.w3.org/2001/XMLSchema-instance" xsi:schemaLocation="http://www.loc.gov/MARC21/slim http://www.loc.gov/standards/marcxml/schema/MARC21slim.xsd" xmlns="http://www.loc.gov/MARC21/slim">
 <record>
  <leader>00000nam a22000004a 4500</leader>
  <controlfield tag="001">UP-8027390931311889075</controlfield>
  <controlfield tag="003">Buklod</controlfield>
  <controlfield tag="005">20250502152029.0</controlfield>
  <controlfield tag="006">m    |o  d |      </controlfield>
  <controlfield tag="007">ta</controlfield>
  <controlfield tag="008">250502s2023    si a    rb   |101 0|eng d</controlfield>
  <datafield tag="020" ind1=" " ind2=" ">
   <subfield code="a">9789819930791</subfield>
  </datafield>
  <datafield tag="022" ind1="0" ind2=" ">
   <subfield code="a">23673370</subfield>
  </datafield>
  <datafield tag="037" ind1=" " ind2=" ">
   <subfield code="a">BC-75679</subfield>
   <subfield code="b">Mind Mover Publishing House Inc.</subfield>
   <subfield code="c">Php16,980.00</subfield>
   <subfield code="n">Department of Mathematics and Computer Science</subfield>
  </datafield>
  <datafield tag="040" ind1=" " ind2=" ">
   <subfield code="a">Berkeley Libraries</subfield>
   <subfield code="d">BAG</subfield>
   <subfield code="e">rda</subfield>
  </datafield>
  <datafield tag="041" ind1="0" ind2=" ">
   <subfield code="a">eng</subfield>
  </datafield>
  <datafield tag="090" ind1=" " ind2="0">
   <subfield code="a">QA 76.9 M35</subfield>
   <subfield code="b">I58 2023</subfield>
  </datafield>
  <datafield tag="111" ind1="2" ind2=" ">
   <subfield code="a">International Conference on Mathematics and Computing</subfield>
   <subfield code="n">(9th</subfield>
   <subfield code="d">2023</subfield>
   <subfield code="c">Velha Goa, India) </subfield>
  </datafield>
  <datafield tag="245" ind1="1" ind2="0">
   <subfield code="a">Proceedings of the Ninth International Conference on Mathematics and Computing</subfield>
   <subfield code="b">ICMC 2023</subfield>
   <subfield code="c">Debasis Giri [and five others], editors. </subfield>
  </datafield>
  <datafield tag="264" ind1=" " ind2="1">
   <subfield code="a">Singapore</subfield>
   <subfield code="b">Springer Nature Singapore Pte Ltd.</subfield>
   <subfield code="c">[2023]</subfield>
  </datafield>
  <datafield tag="300" ind1=" " ind2=" ">
   <subfield code="a">xxv, 428 pages</subfield>
   <subfield code="b">illsutrations (some color)</subfield>
   <subfield code="c">24 cm</subfield>
  </datafield>
  <datafield tag="490" ind1="0" ind2=" ">
   <subfield code="a">Lecture notes in networks and systems</subfield>
   <subfield code="v">697</subfield>
  </datafield>
  <datafield tag="504" ind1=" " ind2=" ">
   <subfield code="a">Includes bibliographical references and index.</subfield>
  </datafield>
  <datafield tag="505" ind1="0" ind2=" ">
   <subfield code="a">Verifiable delay function based on non-linear hybrid cellular automata / Souvik Sur and Dipanwita Roy Chowdhury -- Security analysis of WG-7 lightweight stream cipher against cube attack / Bijoy Das, and Dipanwita Roy Chowdhury -- MILIP Modeling of S-box : divide and merge approach / Manoj and Tarun Yadav -- A relation between properties of S-box and linear inequalities of DDT / Manjeet Kaur, Tarun Yadav, Manoj Kumar, and Dhananjoy Dey -- Damage level estimation of rubble-mound breakwaters using deep artificial neural network / Susmita Saha and Soumen De -- Facial image manipulation detection using cellular automata and transfer learning / Shramona Chakraborty and Dipanwita Roy Chowdhury -- Language-independent fake news detection over social media netwrokd using the centrality-aware graph convultion network / Sujit Kumar, Mohan Kumar, and Sanasam Ranbir Singh -- Private blockchain-enabled security framework for Iot-based healthcare system Sourav Saha, Ashkok Kumar Das, and Debasis Giri -- Gradechain-alpha : Hyperledger fabric blockchain-based students' grading system for educational institute / Snigdha Mayee Samantray, Debasis Giri, and Tanmoy Maitra -- Object-background partitioning on images : a ratio-based division / Shyamalendu Kandar and Seba Maity -- More on Semipositive tensor and tensor complementarity problem / R. Deb and A.K. Das -- An improved numerical scheme for semilinear singularly pertubed parabolic delay differential equations / J. Mohapatra and S. Priyadarshana -- Computational modeling of noisy plasma images applicable to tokamas imaging diagnostics for visible and x-ray emissions / Dhruvil Bhatt, Kirtan Delwadia, Shishir Purohit, and Bhaskar Chaudhary -- On partial monotonicity of some extropy measures / Nitin Gupta and Santosh Kumar Chaudhary -- Error bound for the linear complementarity problem using plus function / Bharat Kumar, Deepmala, A. Dutta, and A.K. Das -- On the solutions of the diophantine equation u^a +v^b=z^2 for some prime pairs u and v / Ednalyn Xyra P. Calabia and Jerico B. Bacani -- A second-order optimal hybrid scheme for singularyly pertubed semilinear parabolic problems with interior layers / S. Priyadarshana and J. Mohapatra -- Temperature distribution during hyperthermia using a 2d space-time fractional bioheat model in irregular domain / Bhagya Shree Meena and Sushil Kumar -- Characterization of minimum structure and sub-structure cut exchanged hypercube / Paul Immanuel and A. Berin Greeni -- Improved lower bound for L(1,2)-edge-labeling of infinite 8-regular grid / Subhasis Koley and Sasthi C. Ghosh -- Classification of texts with emojis to classify sentiments, moods, and emotions / Sounava Pal, Sourav Mandal, and Rohini Basak -- A study on fractional SIS epidemic model using RPS method / Rakesh Kumar Meena and Sushil Kumar -- On zero-sum two person perfect information semi-markov games / Sagnik Sinha and Guha Bakshi -- Interval estimation for quantiles of several normal populations with a common standard deviation / Habiba Khatun and Manas Ranjan Tripathy -- Approximate solutions to delay diffusion equations with integral forcing function / Nishi Gupta and Md. Maqbul -- On m-bonacci intersection-sum graphs / Kalpana Mahalingan and Helda Princy Rajendran -- Three-time levels compact scheme for pricing European options under regime switching jump-diffusion models / Pradeep Kumar Sahu, Kuldip Singh Patel, and Ratikanta Behera -- The sum of Lorentz matrices in M_2(Z_n) / Richard J. Taclay and Karen Dizon-Taclay -- A robust analytic approach to solve non-linear fractional partial differential equations using fractional complex transform / Vishalkumar J. Prajapati and Ramakanta Meher -- Relations between discrete maximal operators in harmonic analysis / Sri Sakti Swarup Anupindi and Michael Alphonse -- Multivariate Bernstein alpha-fractal functions / D. Kumar, A.K.B. Chand, and P.R. Massopust.</subfield>
  </datafield>
  <datafield tag="650" ind1=" " ind2="0">
   <subfield code="a">Computer science</subfield>
   <subfield code="x">Mathematics</subfield>
   <subfield code="v">Congresses. </subfield>
  </datafield>
  <datafield tag="700" ind1="1" ind2=" ">
   <subfield code="a">Giri, Debasis</subfield>
   <subfield code="e">editor.</subfield>
  </datafield>
  <datafield tag="700" ind1="1" ind2=" ">
   <subfield code="a">Gollmann, Dieter</subfield>
   <subfield code="e">editor.</subfield>
  </datafield>
  <datafield tag="700" ind1="1" ind2=" ">
   <subfield code="a">Ponnusamy, S. </subfield>
   <subfield code="e">editor.</subfield>
  </datafield>
  <datafield tag="700" ind1="1" ind2=" ">
   <subfield code="a">Kouichi, Sakurai</subfield>
   <subfield code="e">editor.</subfield>
  </datafield>
  <datafield tag="700" ind1="1" ind2=" ">
   <subfield code="a">Stanimirović, Predrag</subfield>
   <subfield code="e">editor.</subfield>
  </datafield>
  <datafield tag="700" ind1="1" ind2=" ">
   <subfield code="a">Sahoo, J. K. </subfield>
   <subfield code="e">editor.</subfield>
  </datafield>
  <datafield tag="905" ind1=" " ind2=" ">
   <subfield code="a">FO</subfield>
  </datafield>
  <datafield tag="852" ind1="0" ind2=" ">
   <subfield code="a">UPBAG</subfield>
   <subfield code="b">UPBAG-MAIN</subfield>
   <subfield code="h">QA 76.9 M35</subfield>
   <subfield code="i">I58 2023</subfield>
  </datafield>
  <datafield tag="942" ind1=" " ind2=" ">
   <subfield code="a">Book</subfield>
  </datafield>
 </record>
</collection>
